000 00568nam a2200205Ia 4500
003 GCL
008 140319s9999 xx 000 0 ara d
040 _aGCL /
_cGCL
082 0 4 _a891.7
_bت ط
100 1 _aحسن محمود
245 1 0 _aطائر البحر ومسرحيات اخرى /
_cحسن محمود
700 1 _aتشيكوف، انطون
700 1 _aحنا مرقص
300 _a244 ص
490 _aالالف كتاب
_v0
650 0 4 _aالادب
650 0 4 _aالادب الروسى
650 0 4 _aالقصص الروسية
942 _2ddc
_cBK
999 _c49836
_d49836